CONSTRUCTION MATERIALS (Record no. 546879)

000 -LEADER
fixed length control field 00446 a2200157 4500
020 ## - INTERNATIONAL STANDARD BOOK NUMBER
International Standard Book Number 0-582-04299-2
082 ## - DEWEY DECIMAL CLASSIFICATION NUMBER
Classification number 624.18 TAY
Author Mark L-1-P-17
090 ## - LOCALLY ASSIGNED LC-TYPE CALL NUMBER (OCLC); LOCAL CALL NUMBER (RLIN)
-- 2856
-- 2856
100 ## - MAIN ENTRY--PERSONAL NAME
Personal name TAYLOR, G.D
9 (RLIN) 43077
245 ## - TITLE STATEMENT
Title CONSTRUCTION MATERIALS
260 ## - PUBLICATION, DISTRIBUTION, ETC.
Place of publication, distribution, etc. SINGAPORE
Name of publisher, distributor, etc. LONGMAN PUBLISHERS
Date of publication, distribution, etc. 1991
300 ## - PHYSICAL DESCRIPTION
Extent IX, 532P.
Other physical details ILL
Dimensions 24CM
500 ## - GENERAL NOTE
General note CIVIL ENGINEERING
526 ## - STUDY PROGRAM INFORMATION NOTE
Program name 0
Interest level 0
Reading level 0
Title point value 624_180000000000000_TAY_L1P17
942 ## - ADDED ENTRY ELEMENTS (KOHA)
Source of classification or shelving scheme
Institution code [OBSOLETE] MCE
Koha item type
Call number prefix 624.18 TAY
Holdings
Withdrawn status Lost status Source of classification or shelving scheme Damaged status Not for loan Permanent Location Current Location Date acquired Total Checkouts Full call number Barcode Date last seen Price effective from Koha item type
          Military College of Engineering (MCE) Military College of Engineering (MCE) 06/20/2014   624.18 TAY L-1-P-17 MCE-30684 06/20/2014 06/20/2014  
© 2023 Central Library, National University of Sciences and Technology. All Rights Reserved.